00870nam a22002417a 45000010005000000030006000050050017000110080041000280200018000690400029000870820008001161000019001242450061001432600047002043000049002515050008003005200176003085210029004845210020005136500029005336500027005627000039005899693FISKH20260129152609.0260129b cb ||||| |||| 00| 0 eng d a9781600443367 aFISKHbengcFISKHdFISKH a567 aCosson , M. J. aTroodon : bNorth American dinosaurs / cBy M. J. Cosson aFlorida : bRourke Publishing LLC ,c2007. a24 pages : bcolor illustrations ;c25 cm .  aO  aHiLo nonfiction Readers motivate striving readers with easy-to-understand text. Support content-area reading, provide engaging texts for independent reading and practice. 8 a600 bLexile estimate 8 aO bRaz-Plus  aPhotographsvNon-fiction aDinosaursvNon-fiction aStengard-Olliges , RoberteEditor